[Event "Asuncion Prieto Memorial op"]
[Site "Asuncion"]
[Date "2011.01.07"]
[Round "2"]
[White "Aquino, Carlos"]
[Black "Florentin, Damaso"]
[Result "1-0"]
[WhiteElo "1745"]
[BlackElo "1775"]
[PlyCount "56"]
[EventDate "2011.01.06"]
[EventType "swiss"]
[EventRounds "9"]
[EventCountry "PAR"]
[SourceTitle "EXT 2012"]
[Source "ChessBase"]
[SourceDate "2011.11.24"]
[SourceVersion "1"]
[SourceVersionDate "2011.11.24"]
[SourceQuality "1"]

1. e4 e5 2. d4 exd4 3. Qxd4 Nc6 4. Qe3 d6 5. Nc3 Nf6 6. Bd2 Be6 7. 0-0-0 Be7 8. f4 d5 9. exd5 Nxd5 10. Qf3 Nd4 11. Qe4 Nf6 12. Qe1 0-0 13. Bd3 Re8 14. Be3 c5 15. Nf3 g6 16. f5 Bc8 17. Qg3 Bd6 18. Qg5 Nh5 19. fxg6 hxg6 20. Qxd8 Rxd8 21. Bxd4 cxd4 22. Nb5 Nf4 23. Kb1 a6 24. Nbxd4 Bg4 25. Bc4 b5 26. Bb3 Rac8 27. h3 Bd7 28. Nd2 Bc7 1-0